000 00842nab a2200253 u 4500
001 13236
003 HDC
007 cr bn ---aaaaa
008 210212c my dr|nes 0 |0may
040 _aHDC
100 _aIsmaniza Ahmad,
_eauthor
_914036
245 0 _aDua kilang diarah tutup dua minggu /
_cby Ismaniza Ahmad
260 _a[no place] :
_b[publisher not identified],
_c[no year]
336 _atext
_2rdacontent
337 _acomputer
_2rdamedia
338 _aonline resource
_2rdacarrier
650 _aFactory
_914018
650 _aHalal certificate
_9482
710 _aSinar Harian Online
856 _zRequest full-text at [email protected]
942 _2lcc
942 _cNEWS
942 _kNWSO 002881
999 _c10552
_d10552